| 000 | 00404nam a2200157 i 4500 | ||
|---|---|---|---|
| 001 | 100631 | ||
| 003 | ES-MaACL | ||
| 005 | 20230906182719.0 | ||
| 007 | t| | ||
| 008 | 050930s1971 xxu ||||1| eng d | ||
| 100 | 1 |
_aMatas, Julio. _978923 |
|
| 245 | 1 | 0 |
_aIrinia / _cJulio Matas. |
| 260 |
_aMiami (Florida) : _bUniversal, _c1971. |
||
| 300 |
_a122 p. ; _c20 cm. |
||
| 852 |
_aES-MaACL _jC-41973 _bR.78447 |
||
| 999 |
_c100631 _d100631 |
||